1875 1798 1830 1196 1258 1285 1123 1837 1475 1976 1919 1724 1036 1270 1919 1856 1652 1576 1157 1037 1167 1830 1386 1043 1940 1740 1360 1650 1786 1849 1662 1499 1357 1795 1849 1930 1156 1307 1427 1403 1369 1224 1607 1126 1793 1098 1680 1769 1673 1551 1397 1537 1239 1095 1193 1032 1642 1291 1129 1642 1393 1377 1337 1108 1710 1531 1139 1660 1911 1045 1253 1667 1334 1143 1376 1386 1526 1842 1910 1873 1610 1727 1471 1129 1141 1486 1252 1289 1110 1049 1219 1255 1200 1608 1046 1730 1885 1405 1844 BCNSPRNW ULIB Ver.6.0+V

เปลี่ยนเป็นภาษาไทย

Change to English
 แสดงรายละเอียดบรรณานุกรม
  กลับหน้าหลัก

Brief Record : Get Marc (ISO 2709) : E-mail record : QR code < ปิดหน้าต่าง
LEADER : 00000nam 2200000uu 4500
001    13399126692
003     ULIB
008    190212s2561||||th 000 0 tha d
020    ^a9786164431249
060    ^aWN208^bจ253ค
100    ^aจันทร์จิรา ชัชวาลา ฐิติพร สุวัฒนะพงศ์เชฏ และสิทธิ์ พงษ์กิจการุณ
245    ^aคลื่นเสียงความถี่สูงในผู้ป่วยวิกฤตและฉุกเฉิน=Ultrasound in Critical and Emergency Conditions/^cจันทร์จิรา ชัชวาลา ฐิติพร สุวัฒนะพงศ์เชฏ และสิทธิ์ พงษ์กิจการุณ
250    ^aพิมพ์ครั้งที่ 1
260    ^aกรุงเทพฯ :^bโครงการตำรารามาธิบดี คณะแพทยศาสตร์โรงพยาบาลรามาธิบดี มหาวิทยาลัยมหิดลา,^c2561
300    ^a318 หน้า^bภาพประกอบ
650    ^aคลื่นเหนือเสียง
650    ^aผู้ป่วยหนัก^xการวินิจฉัยด้วยคลื่นเหนือเสียง
945    ^p650^l0^i005267
945    ^p650^l0^i005266
945    ^p650^l0^i005265
999    ^aประนอม เกษจรัล
รายการนี้ยังไม่มีแท็ก
คุณยังไม่ได้ล็อกอิน คุณสามารถมีกิจกรรมร่วมกับเว็บไซต์ได้ แต่ต้องล็อกอินก่อน ::
  ล็อกอิน

รายการสื่อสารสนเทศ

ลำดับที่ ประเภท เลขเรียก/บาร์โค้ด สถานที่ สถานะ
1. วิทยาศาสตร์การแพทย์ และสุขภาพ
หนังสือสำรอง
สถานะ=หนังสือสำรอง
WN208 จ253ค ฉ.1 
  Barcode: 005265
ห้องสมุดวิทยาเขตสวรรค์ประชารักษ์
►หนังสือทั่วไป
บนชั้น
2. วิทยาศาสตร์การแพทย์ และสุขภาพ
วิทยาศาสตร์การแพทย์ และสุขภาพ
WN208 จ253ค ฉ.2 
  Barcode: 005266
ห้องสมุดวิทยาเขตสวรรค์ประชารักษ์
►หนังสือทั่วไป
บนชั้น
3. วิทยาศาสตร์การแพทย์ และสุขภาพ
วิทยาศาสตร์การแพทย์ และสุขภาพ
WN208 จ253ค ฉ.3 
  Barcode: 005267
ห้องสมุดวิทยาเขตสวรรค์ประชารักษ์
►หนังสือทั่วไป
บนชั้น

รายการใกล้เคียง
    ผู้แต่ง [จันทร์จิรา ชัชวาลา ฐิติพร สุวัฒนะพงศ์เชฏ และสิทธิ์ พงษ์กิจการุณ]

    หัวเรื่อง [คลื่นเหนือเสียง]

BibComment


ยังไม่เคยถูกคอมเมนท์

คอมเมนท์ทรัพยากรรายการนี้
  คอมเมนท์: คลื่นเสียงความถี..


 Copyright 2026. Bcnsprnw @Library